01275cam a2200361 a 4500001001800000003000700018005001700025007000700042008004100049010001700090040005900107020002500166020001800191035001900209043001200228050002400240082002500264084001500289100001800304245007600322260004500398300002900443600001800472650005000490610003600540600001800576610003700594650005500631650002000686700001600706856009100722856010000813caughtinnet00lockCaSfIA20230525154935.0cr||||820812s1982 nyua 000 0beng  a 81036382  aDLCcDLCdOCLdMUQdBAKERdNLGGCdBTCTAdYDXCPdCaSfIA a0880110449 :c$10.95 a9780880110440 a(OCoLC)8397392 an-us-sc00aGV884.L62bA33 198200a796.32/3/0924aB219 a76.122bcl1 aLocke, Tates.10aCaught in the net /h[electronic resource] cby Tates Locke, Bob Ibach. aWest Point, NY :bLeisure Press,cc1982. a175 p. :bill. ;c24 cm.10aLocke, Tates. 0aBasketball coacheszUnited StatesvBiography.20aClemson UniversityxBasketball.16aLocke, Tates.26aClemson UniversityxBasket-ball. 6aEntraîneurs (Sports)zÉtats-UnisxBiographies.17aBasketbal.2gtt1 aIbach, Bob.41uhttp://www.archive.org/details/caughtinnet00lockzFree eBook from the Internet Archive42uhttp://www.openlibrary.org/books/OL3783520MzAdditional information and access via Open Library